Jocs florals al Palau Güell
Descripción Física:
1 punt de llibre ; 20 x 6 cm
Otros Autores:
Manent, Ramon, 1948-
Idioma:
Catalán
MARC
| LEADER | 00000nrm a22000007a 4500 | ||
|---|---|---|---|
| 001 | 25023 | ||
| 008 | 211122b spa||||| |||| 00| 0 cat d | ||
| 080 | |a NBM-12-28 | ||
| 245 | |a Jocs florals al Palau Güell | ||
| 260 | |a Barcelona : |b Palau Güell : Diputació de Barcelona ; |c 2018 | ||
| 300 | |a 1 punt de llibre ; |c 20 x 6 cm | ||
| 500 | |a Il·lustrat amb una fotografia (Ramon Manent) de "El jardí de les Hespèrides", un quadre d'Aleix Clapés inspirat en l'obra "L'Atlàntida" de Jacint Verdaguer | ||
| 610 | 2 | 0 | |a Palau Güell (Barcelona) |9 17034 |
| 655 | 0 | |a Punts de llibre |9 52700 | |
| 700 | |a Manent, Ramon, |d 1948- |e fotògraf |9 39599 | ||
| 942 | |2 udc |c ARXIU |n 1 | ||
| 952 | |0 0 |1 0 |2 udc |4 0 |6 NBM1228 |7 1 |9 60837 |a Arxiu |b Arxiu |d 2021-11-22 |l 0 |o NBM-12-28 |p 25023 |r 2021-11-22 00:00:00 |w 2021-11-22 |y ARXIU | ||
| 999 | |c 80966 |d 80966 | ||